000 00215 a2200097 4500
001 20081
100 _aSynge J L
245 _aTensors calculus
260 _a
_bUniversity of Toronto Press
_c
090 _c14675
_d14675
942 _aNUST-CAE
_cM
_c5197
999 _c255154
_d255154